000 00859cam a22003017a 4500
003 CHAP
005 20220817043141.0
008 971013s1987 r 00010 d
010 _a66852
011 _a67824
035 _a77296
040 _cCHAP
082 _a333.332
_bF33y
110 2 _aFAO
245 1 0 _aIngresos finales procedentes de los montes en los paises en desarrollo
260 _aRoma :
_bFAO,
_c1987
300 _a263 P.
490 0 _aFAO. Montes
_v; 43
590 _aBATCH-UPD
_b10
_c20130110
_lUCH01
_h0343
590 _aCONVERSION
_b10
_c20130109
_lUCH01
_h1337
650 1 4 _aTierras
_xArrendamiento.
_9113092
650 1 4 _aTierras
_xConcesiones.
_9113106
700 0 _aGray, John A.
_950500
830 0 _aFAO. Montes
_v; 43
_939632
901 _aBK
942 _cLIBRO
949 _a333.332 F33y
_bBC
_cFAO
_d-30164
_eFAO1
_h73869
_i77296
_si
999 _c66852
_d66852